Cosmetics & personal care products : more dangers & side-effects

Bibliographic Details
Format: Book
Published: Pulau Pinang : Consumer's association of Penang publishers
Series:Cap guide
Subjects:

MARC

LEADER 00000cam a2200000 7i4500
001 0000029623
005 20100720.0
008 100720
020 |a 9831040937 
090 0 0 |a 668.5   |b COS 
245 1 0 |a Cosmetics & personal care products :   |b more dangers & side-effects 
260 |a Pulau Pinang :   |b Consumer's association of Penang publishers 
440 |a Cap guide 
650 0 |a Cosmetics product 
650 0 |a Personal care 
999 |a 0001026373   |b Book   |c Adult Collection   |e Cawangan Muar 
999 |a 0001026374   |b Book   |c Adult Collection   |e Perbadanan Perpustakaan Awam Johor